Catálogo

LEADERSHIP THE CHALLENGE (Registro nro. 45189)

Detalles MARC
000 -LEADER
fixed length control field 01113nam a2200217 a 4500
001 - CONTROL NUMBER
control field 45189
005 - DATE AND TIME OF LATEST TRANSACTION
control field 20180714024309.0
008 - FIXED-LENGTH DATA ELEMENTS--GENERAL INFORMATION
fixed length control field 140415s2002 000 0 eng d
020 ## - INTERNATIONAL STANDARD BOOK NUMBER
International Standard Book Number 0787956783
041 ## - LANGUAGE CODE
Language code of text/sound track or separate title eng
082 ## - DEWEY DECIMAL CLASSIFICATION NUMBER
Classification number 658.4092
Item number KOU
100 1# - MAIN ENTRY--PERSONAL NAME
Personal name KOUZES, JAMES M.
245 10 - TITLE STATEMENT
Title LEADERSHIP THE CHALLENGE
250 ## - EDITION STATEMENT
Edition statement 3a ed.
260 ## - PUBLICATION, DISTRIBUTION, ETC.
Place of publication, distribution, etc. [s.l.] :
Name of publisher, distributor, etc. JOHN WILEY AND SONS, INC.,
Date of publication, distribution, etc. 2002
300 ## - PHYSICAL DESCRIPTION
Extent
Dimensions x 16 x 24
490 ## - SERIES STATEMENT
Series statement THE JOSSEY - BASS BUSINESS AND MANAGEMENT SERIES
520 ## - SUMMARY, ETC.
Summary, etc. ESTE LIBRO TE OFRECE EXTRAORDINARIAS HISTORIAS DE LIDERES DE DIFERENTES EDADES Y ESTILOS DE VIDA. TE PUEDE AYUDAR A SABER COMO GUIAR TU EMPRESA DE FORMA EFICIENTE, MUESTRAS ENTREVISTAS CON LIDERES DE DIFERENTES TIPOS DE EMPRESAS TANTO PUBLICAS COMO PRIVADAS Y DE TODO EL MUNDO. LOS AUTORES DE ÉSTE LIBRO HAN HECHO ENFASIS EN QUE LA FORMA DE GUIAR UNA EMPRESA HOY EN DIA TIENE SIMILITUD CON EL ESTILO DE LOS AÑOS 80´S Y NOS DICE QUE DEBIDO A ESTO CASI NADA ES NUEVO, MIENTRAS NO EXISTA UN L
650 14 - SUBJECT ADDED ENTRY--TOPICAL TERM
Topical term or geographic name entry element ADMINISTRACION
General subdivision APTITUD DE MANDO
-- LIDERAZGO
700 1# - ADDED ENTRY--PERSONAL NAME
Personal name Posner, Barry Z.,
Relator term coaut.
Existencias
Withdrawn status Lost status Source of classification or shelving scheme Damaged status Not for loan Collection code Home library Current library Shelving location Date acquired Source of acquisition Inventory number Total Checkouts Full call number Barcode Date last seen Price effective from Koha item type
    Dewey Decimal Classification     General Biblioteca Karol Wojtyla Biblioteca Karol Wojtyla Sala general 03/12/2013 Compra 151000000000000000013762   658.4092 KOU 67937 05/01/2026 03/12/2013 Libro
    Dewey Decimal Classification     General Biblioteca Karol Wojtyla Biblioteca Karol Wojtyla Sala general 03/12/2013 Compra 151000000000000000013761   658.4092 KOU 67936 05/01/2026 03/12/2013 Libro